| 000 | 01398nam a22003737a 4500 | ||
|---|---|---|---|
| 003 | CHAP | ||
| 005 | 20220329140327.0 | ||
| 008 | 971013s1978 r 00010 d | ||
| 010 | _a50464 | ||
| 011 | _a51436 | ||
| 035 | _a55586 | ||
| 040 | _cCHAP | ||
| 090 | _aTesis | ||
| 100 | 0 | 0 |
_aRodríguez del Bosque, Luis Ángel. _998440 |
| 245 | _aEvaluación de daño del gusano cogollero (Spodoptera frugiperda Smith), gusano barrenador (Diatraea zea Boddie) y gusano barrenador (Diatraea saccharalis Fabricius) en maíz Marín, N. L. | ||
| 260 |
_aMonterrey, N. L. : _bEl autor, _c1978 |
||
| 300 | _a67 h. | ||
| 502 | _aTesis (Ing. Agr. Fitotecnista) -- Universidad Autónoma de Nuevo León. Facultad de Agronomía | ||
| 590 |
_aALEPH _b10 _c20130110 _lUCH01 _h1325 |
||
| 590 |
_aBATCH-UPD _b10 _c20130110 _lUCH01 _h0304 |
||
| 590 |
_aBATCH-UPD _b10 _c20130110 _lUCH01 _h1245 |
||
| 590 |
_aBATCH-UPD _b10 _c20130409 _lUCH01 _h2336 |
||
| 590 |
_aBATCH-UPD _b10 _c20130410 _lUCH01 _h1355 |
||
| 590 |
_aBATCH-UPD _b10 _c20130914 _lUCH01 _h1201 |
||
| 590 |
_aCONVERSION _b10 _c20130109 _lUCH01 _h1327 |
||
| 650 | 1 | 4 |
_aDiatraea saccharalis. _932432 |
| 650 | 1 | 4 |
_aGusano cogollero del maíz. _951561 |
| 650 | 1 | 4 |
_aHeliothis (Helicoverpa) zea. _953438 |
| 650 | 1 | 4 |
_aMaíz _xNuevo León. _971029 |
| 650 | 1 | 4 |
_aMaíz _xPlagas. _971034 |
| 901 | _aBK | ||
| 942 | _cTESIS | ||
| 949 |
_bBC _cTES _d-121873 _eTS1 _i55586 _si |
||
| 999 |
_c50464 _d50464 |
||